000 00943nam a22002297a 4500
003 dpl
005 20180620131621.0
008 180620b xxu||||| |||| 00| 0 eng d
010 _aB-216528
020 _c0.00
035 _aB-216528
037 _bBPPD / PUB
040 _c0
082 1 4 _a372.86 YOG
100 _aSingh, Yogesh Kumar
245 1 _aTeaching practice:
_cby yogesh kumar singh
_b lesson planning /
_hEN
260 _aNew Delhi
_bA P H Publishing Corporation
_c2007
270 _a4435-36/7, Ansaei road, Daryaganj
_bNew Delhi
_e110 002
300 _aix, 313p;
_c23cm (Hb)
500 _aModified syllabus for B.T.C / B.Ed./ M.Ed & M.A. (Education) of indian and Foreign Universities/ training and techinical insititute & Technical Institure & Education Colleges Recognized by National Council of Teacher Education/National Council of Technical Education, New Delhi
942 _adpl
_cEN
_2ddc
_h372.86
_mYOG
999 _c152740
_d152740